Técnicas de psicoterapias dinámicas

Uloženo v:
Podrobná bibliografie
Hlavní autor: Florenzano Urzúa, Ramón (Autor)
Médium: Kniha
Jazyk:španělština
Vydáno: Santiago Universitaria 1991
Vydání:2a. ed
Témata:
Tagy: Přidat tag
Žádné tagy, Buďte první, kdo vytvoří štítek k tomuto záznamu!

MARC

LEADER 00000nam a2200000 a 4500
001 UCU4317
003 CL-VaPUC
008 960517e19910000CL |||||||||||||||||spa|d
082 0 4 |a 616.891  |b FLO  |2 21 
100 0 |a Florenzano Urzúa, Ramón  |e author  |9 361854 
245 1 0 |a Técnicas de psicoterapias dinámicas 
250 |a 2a. ed 
300 |a 108 p 
942 |c BK 
945 |d 19960517 00:00:00  |a rbrito 
260 |a Santiago  |b Universitaria  |c 1991 
650 0 |a Psicología   |9 257863 
650 7 |a PSICOTERAPIAS  |2 CL-VaPUC  |9 312275 
583 |a last modification  |c 19960517 00:00:00  |k Rodrigo Vera 
999 |c 248065  |d 248063 
952 |0 0  |1 0  |4 0  |6 616_891000000000000_FLO_1991  |7 0  |8 P  |9 264417  |a BIBEDU  |b BIBEDU  |c BIBEDU_PB  |d 2019-11-19  |i 3201031  |o 616.891 FLO 1991  |p 3201031  |r 2019-11-19  |w 2019-11-19  |y BK  |k PSI